Normal view
MARC view
- Durbridge, Francis
Entry Personal Name
001 - CONTROL NUMBER
- control field: 9961
003 - CONTROL NUMBER IDENTIFIER
- control field: NUST
005 - DATE AND TIME OF LATEST TRANSACTION
- control field: 20180126112605.0
008 - FIXED-LENGTH DATA ELEMENTS
- fixed length control field: 180126|| aca||aabn | a|a d
040 ## - CATALOGING SOURCE
- Original cataloging agency: NUST
- Transcribing agency: NUST
100 ## - HEADING--PERSONAL NAME
- Personal name: Durbridge, Francis
- Dates associated with a name: 1898-1977.
670 ## - SOURCE DATA FOUND
- Source citation: Work cat.: (NUST)0: Durbridge, Francis 1898-1977., The other man /, 1923.
